Nelson pediatric symptom-based diagnosis (Record no. 2275)

000 -LEADER
fixed length control field 03748nam a22005417a 4500
001 - CONTROL NUMBER
control field 986243536
003 - CONTROL NUMBER IDENTIFIER
control field OCoLC
005 - DATE AND TIME OF LATEST TRANSACTION
control field 20241225134024.0
006 - FIXED-LENGTH DATA ELEMENTS--ADDITIONAL MATERIAL CHARACTERISTICS
fixed length control field m o d
007 - PHYSICAL DESCRIPTION FIXED FIELD--GENERAL INFORMATION
fixed length control field cr |n|||||||||
008 - FIXED-LENGTH DATA ELEMENTS--GENERAL INFORMATION
fixed length control field 170509t20182018paua ob 001 0 eng
020 ## - INTERNATIONAL STANDARD BOOK NUMBER
International Standard Book Number 9780323761741
035 ## - SYSTEM CONTROL NUMBER
System control number (OCoLC)986243536
040 ## - CATALOGING SOURCE
Original cataloging agency TMC
Language of cataloging eng
Description conventions rda
Transcribing agency TMC
Modifying agency ABH
-- MMU
-- UIU
049 ## - LOCAL HOLDINGS (OCLC)
Holding library YYEA
-- VZYM
080 ## - UNIVERSAL DECIMAL CLASSIFICATION NUMBER
Universal Decimal Classification number 616-053.2
Item number N-37
100 ## - MAIN ENTRY--PERSONAL NAME
9 (RLIN) 139
Personal name Kliegman, M. Robert
245 00 - TITLE STATEMENT
Title Nelson pediatric symptom-based diagnosis
Statement of responsibility, etc. [edited by] Robert M. Kliegman, Patricia S. Lye, Brett J. Bordini, Heather Toth, Donald Basel.
246 3# - VARYING FORM OF TITLE
Title proper/short title Pediatric symptom-based diagnosis.
250 ## - EDITION STATEMENT
Edition statement 2
260 ## - PUBLICATION, DISTRIBUTION, ETC.
Place of publication, distribution, etc. Philadelphia, PA :
Name of publisher, distributor, etc. Elsevier,
Date of publication, distribution, etc. 2023
260 ## - PUBLICATION, DISTRIBUTION, ETC.
Date of publication, distribution, etc. 2023
300 ## - PHYSICAL DESCRIPTION
Extent ix, 1240pages :
Other physical details color illustrations.
365 ## - TRADE PRICE
Price amount 56.99 usd
500 ## - GENERAL NOTE
General note EINSTEIN & MMC: available online via Clinical Key. See Reference staff for assistance.
504 ## - BIBLIOGRAPHY, ETC. NOTE
Bibliography, etc. note Includes bibliographical references and index.
505 0# - FORMATTED CONTENTS NOTE
Formatted contents note Sore throat -- Cough -- Respiratory distress -- Earache -- Apparent life threatening event--brief resolved unexplained event -- Syncope and dizziness -- Chest pain -- Murmurs -- Failure to thrive -- Abdominal pain -- Diarrhea -- Vomiting and regurgitation -- Gastrointestinal bleeding -- Hepatomegaly -- Jaundice -- Constipation -- Abdominal masses -- Dysuria -- Proteinuria -- Hematuria -- Acute and chronic scrotal swelling -- Menstrual problems and vaginal bleeding -- Disorders of sex development -- Intellectual and developmental disability -- Dysmorphology -- Irritable infant -- Unusual behaviors -- Headaches -- Hypotonia, weakness, and stroke -- Paroxysmal disorders -- Altered mental status -- Eye disorders -- Arthritis -- Gait disturbances -- Back pain in children and adolescents -- Lymphadenopathy and neck masses -- Pallor and anemia -- Bleeding and thrombosis -- Fever -- Fever and rash -- Recurrent fever, infections, immune disorders, and autoinflammatory diseases -- Disorders of puberty -- Short stature -- Hypoglycemia -- Urinary incontinence and polyuria -- Acid--base and electrolyte disturbances -- Congenital cutaneous lesions and infantile rashes -- Acquired rashes in the older child.
520 ## - SUMMARY, ETC.
Summary, etc. "Nelson Pediatric Symptom-Based Diagnosis, by Drs. Robert M. Kliegman, Patricia S. Lye, Brett Bordini, Heather Toth, and Donald Basel, uses a unique, step-by-step, symptom-based approach to differential diagnosis of diseases and disorders in children and adolescents. Conveniently linked to the world's best-selling pediatric reference, Nelson Textbook of Pediatrics, 20th Edition, it focuses on the symptoms you're likely to see in general practice, as well as uncommon disorders. You'll find clear guidance on exactly what to consider and how to proceed when faced with a host of common symptoms such as cough, fever, headache, chest pain, gait disturbances, and many more"--Publisher's description.
588 0# - SOURCE OF DESCRIPTION NOTE
Source of description note Online resource; title from resource home page (ClinicalKey, viewed May 10, 2017).
650 12 - SUBJECT ADDED ENTRY--TOPICAL TERM
Topical term or geographic name entry element Signs and Symptoms.
650 12 - SUBJECT ADDED ENTRY--TOPICAL TERM
Topical term or geographic name entry element Pediatrics.
650 22 - SUBJECT ADDED ENTRY--TOPICAL TERM
Topical term or geographic name entry element Diagnosis, Differential.
650 22 - SUBJECT ADDED ENTRY--TOPICAL TERM
Topical term or geographic name entry element Adolescent.
650 22 - SUBJECT ADDED ENTRY--TOPICAL TERM
Topical term or geographic name entry element Child.
650 22 - SUBJECT ADDED ENTRY--TOPICAL TERM
Topical term or geographic name entry element Infant.
650 20 - SUBJECT ADDED ENTRY--TOPICAL TERM
Topical term or geographic name entry element Medicine
9 (RLIN) 69
653 ## - INDEX TERM--UNCONTROLLED
Uncontrolled term პედიატრია
653 ## - INDEX TERM--UNCONTROLLED
Uncontrolled term მედიცინა
655 #7 - INDEX TERM--GENRE/FORM
Genre/form data or focus term Electronic books.
700 1# - ADDED ENTRY--PERSONAL NAME
Personal name Bordini, Brett J.
700 1# - ADDED ENTRY--PERSONAL NAME
Personal name Kliegman, Robert M.
700 1# - ADDED ENTRY--PERSONAL NAME
Personal name Lye, Patricia S.
700 1# - ADDED ENTRY--PERSONAL NAME
Personal name Bordini, Brett J.
700 1# - ADDED ENTRY--PERSONAL NAME
Personal name Toth, Heather.
700 1# - ADDED ENTRY--PERSONAL NAME
Personal name Basel, Donald.
776 08 - ADDITIONAL PHYSICAL FORM ENTRY
Relationship information Print version:
Title Nelson pediatric symptom-based diagnosis.
Place, publisher, and date of publication Philadelphia, PA : Elsevier, [2018]
International Standard Book Number 9780323399562
Record control number (DLC) 2016050910
-- (OCoLC)962548483.
942 ## - ADDED ENTRY ELEMENTS (KOHA)
Source of classification or shelving scheme
Koha item type Books
Holdings
Withdrawn status Lost status Source of classification or shelving scheme Damaged status Not for loan Permanent location Current location Date acquired Inventory number Full call number Barcode Date last seen Price effective from Koha item type
          Ken Walker International University Ken Walker International University 12/25/2024 2604 616-053.2 N-37 2604 12/25/2024 12/25/2024 Books

Powered by Koha